"... och så åter till Norrmalmstorg": Vilka tjänade och vilka förlorade på bankdramat?
| Tipo de documento: | Print Libro |
|---|---|
| Lenguaje: | Holandés |
| Publicado: |
Stockholm
Prisma Bokf.
1974
|
| En: |
Pockettidningen R (1974,1)
Año: 1974 |
| Disponibilidad en Tübingen: | Disponible en Tübingen. UB: KB 4 A 122-7 |
| Verificar disponibilidad: | HBZ Gateway |
| Servicio de pedido Subito: | Pedir ahora. |
MARC
| LEADER | 00000cam a22000002c 4500 | ||
|---|---|---|---|
| 001 | 1122379412 | ||
| 003 | DE-627 | ||
| 005 | 20220516133340.0 | ||
| 007 | tu | ||
| 008 | 960607s1974 xx ||||| 00| ||dut c | ||
| 035 | |a (DE-627)1122379412 | ||
| 035 | |a (DE-576)052379418 | ||
| 035 | |a (DE-599)BSZ052379418 | ||
| 035 | |a (OCoLC)254499878 | ||
| 040 | |a DE-627 |b ger |c DE-627 |e rakwb | ||
| 041 | |a dut | ||
| 245 | 0 | 0 | |a "... och så åter till Norrmalmstorg" |b Vilka tjänade och vilka förlorade på bankdramat? |
| 264 | 1 | |a Stockholm |b Prisma Bokf. |c 1974 | |
| 300 | |a 128 S. | ||
| 336 | |a Text |b txt |2 rdacontent | ||
| 337 | |a ohne Hilfsmittel zu benutzen |b n |2 rdamedia | ||
| 338 | |a Band |b nc |2 rdacarrier | ||
| 490 | 1 | |a Pockettidningen R |v 1974,1 | |
| 583 | 1 | |a Archivierung prüfen |c 20200919 |f DE-640 |z 1 |2 pdager | |
| 830 | 0 | |a Pockettidningen R |v 1974,1 |9 1974,1 |w (DE-627)170564452 |w (DE-576)05074299X |w (DE-600)1075089-7 |x 0347-1322 |7 am | |
| 951 | |a BO | ||
| ELC | |b 1 | ||
| LOK | |0 000 xxxxxcx a22 zn 4500 | ||
| LOK | |0 001 228236452X | ||
| LOK | |0 003 DE-627 | ||
| LOK | |0 004 1122379412 | ||
| LOK | |0 005 19960607000000 | ||
| LOK | |0 008 960607||||||||||||||||ger||||||| | ||
| LOK | |0 040 |a DE-21 |c DE-627 |d DE-21 | ||
| LOK | |0 852 |a DE-21 | ||
| LOK | |0 852 1 |c KB 4 A 122-7 |9 00 | ||
| LOK | |0 935 |a krim | ||
| LOK | |0 939 |a 07-06-96 |b l01 | ||
| ORI | |a SA-MARC-krimdoka001.raw | ||
| SIG | |a UB: KB 4 A 122-7 | ||
